Anti-corruption strategies in fragile states theory and practice in aid agencies

Uložené v:
Podrobná bibliografia
Hlavný autor: Johnson, Jesper
Médium: Kniha
Jazyk:English
Vydavateľské údaje: Cheltenham Edward Elgar Publishing 2016
Predmet:
Tagy: Pridať tag
Žiadne tagy, Buďte prvý, kto otaguje tento záznam!

MARC

LEADER 00000nam a2200000 4500
001 0225156
005 20221107100815.8
020 |a 978-1-78471-970-8 
041 0 |a eng 
044 |a GB 
245 1 0 |a Anti-corruption strategies in fragile states  |b theory and practice in aid agencies  |c Jesper Johnson 
264 1 |a Cheltenham  |b Edward Elgar Publishing  |c 2016 
300 |a 268 s. 
610 2 0 |a štát 
610 2 0 |a korupcia 
610 2 0 |a nestabilita politická 
610 2 0 |a problémy spoločenské 
610 2 0 |a opatrenia 
610 2 0 |a reformy 
610 2 0 |a inštitúcie verejnoprávne 
610 2 0 |a zákony 
610 2 0 |a teória a prax 
100 1 |a Johnson, Jesper